| 000 | 00639nam a22001817a 4500 | ||
|---|---|---|---|
| 005 | 20251108164022.0 | ||
| 008 | 250721s1986 xx 000 0 ara d | ||
| 082 | 1 | 4 | _a636.1/جزي |
| 100 | 1 | _aإبن جزي، عبد الله بن محمد | |
| 245 | 1 | 0 |
_aكتاب الخيل : _bمطلع اليمن و الأمثال في إنتقاء كتاب الإحتفال / |
| 264 | 1 |
_aبيروت : _bدار الغرب الاسلامي، _c1986. |
|
| 300 | _a318ص | ||
| 650 | 1 | 7 | _aالخيول العربية |
| 650 | 1 | 7 | _aركوب الخيل |
| 700 | 1 |
_aالخطابي، محمد العربي _eتحقيق |
|
| 942 |
_2ddc _cBK |
||
| 999 |
_c1542 _d1542 |
||